000 00512nam a2200169 i 4500
001 102473
003 ES-MaACL
005 20230906183121.0
007 t|
008 051111s1965 sp ||||1| spa d
100 1 _aMeriam, J. L.
_980492
245 1 0 _aMecánica /
_cJ. L. Meriam; [versión... por el Dr. Julián Fernández Ferrer].
260 _aBarcelona :
_bReverté,
_c1965.
300 _a2 v. :
_bil. ;
_c22 cm.
700 1 _aFernández Ferrer, Julián.
_949781
852 _aES-MaACL
_jC-27417-8
_bR.56459
999 _c102473
_d102473